Complétez les recherches Google - Statistiques

Statistiques générales
  • Ce quiz a été pris 496 fois
  • Le résultat moyen est 13 sur 15
Statistiques - réponses
Hint Réponse % Correct
Pourquoi le ciel est… bleu ?
93%
Pourquoi le café.... donne mal au ventre ?
93%
Peut-on manger... de la neige ?
92%
Combien de temps faut-il pour…. digérer ?
92%
Pourquoi je suis toujours... fatigué ?
92%
Pourquoi j'ai toujours... faim ?
91%
Pourquoi les français... font la grève ?
90%
Les chiens peuvent ils... manger du chocolat ?
86%
Comment savoir si je suis… enceinte ?
84%
Pourquoi les abeilles... disparaissent ?
83%
Comment devenir... riche ?
82%
Est-ce que les bébés… rêvent ?
77%
Pourquoi les chats... ont peur des concombres ?
75%
Est-ce que les poissons... dorment ?
71%
Est-ce que les plantes… ressentent la douleur ?
64%
Aucun quiz correspondant
Distribution des résultats
% des personnes avec chaque résultat
Percentile par nombre de réponses
Votre historique - résultats
Vous n’avez pas pris ce quiz